000 00453pab a2200157 454500
008 180718b2000 xxu||||| |||| 00| 0 eng d
100 _aNayar, Baldev Raj
245 _aThe limits of economic nationalism in India: economic reform under the BJP-led government, 1998-1999
260 _c2000
300 _ap.792-815
362 _aSept-Oct
650 _aEconomic reform - India
650 _aEconomic reform
773 _aAsian Survey
909 _a47201
999 _c47201
_d47201